10 Największych państw w Europie. - Statystyki

Ogólne statystyki
  • Ten quiz został rozwiązany 89 razy
  • Średni wynik to 7 z 10
Statystyki odpowiedzi
Powierzchnia Państwo % Poprawnych
17,100 000km² Rosja
100%
551,695 km² Francja
83%
603,700 km² Ukraina
82%
505,990 km² Hiszpania
71%
357,588km² Niemcy
71%
322,575km² Polska
69%
528,447 km² Szwecja
67%
385,207km² Norwegia
58%
302,073km² Włochy
53%
338,440km² Finlandia
51%
Nie znaleziono quizów pasujących do podanych kryteriów
Rozkład punktacji
Procent ludzi z każdym wynikiem
Percentyl według liczby udzielonych odpowiedzi
Twoja historia wyników
Nie rozwiązałeś tego quizu